| 000 | 00683cam a2200253 4500500 | ||
|---|---|---|---|
| 005 | 20260405000245.0 | ||
| 041 | _afre | ||
| 042 | _adc | ||
| 100 | 1 | 0 |
_aEltchaninoff, Michel _eauthor |
| 700 | 1 | 0 |
_aMoreau, Anne-Sophie _eauthor |
| 245 | 0 | 0 | _aCharge mentale |
| 260 | _c2023. | ||
| 500 | _a34 | ||
| 690 | _aCarrière | ||
| 690 | _aCoopération | ||
| 690 | _aEfficacité | ||
| 690 | _aFemmes/hommes | ||
| 690 | _aOrganisation | ||
| 690 | _aPhilosophes | ||
| 690 | _aSoft skills | ||
| 690 | _aTravail | ||
| 786 | 0 | _nPhilonomist | - | 4 | 2023-03-06 | p. 35-37 | |
| 856 | 4 | 1 | _uhttps://shs.cairn.info/magazine-philonomist-2023-4-page-35?lang=fr&redirect-ssocas=7080 |
| 999 |
_c2035228 _d2035228 |
||